000 00269nam a22001217a 4500
041 _aENG
100 _aAgarwal.A
245 _aThe Citizens ' Fifth Report
260 _aNew Delhi
_bCentre For Science
_c1984
300 _a256
650 _aSWCE
856 _uSWCE ( 24 )
999 _c1821
_d1821